Top 50 Highest rated FIFA / EA FC players 2008-2026 - Statistics

General Stats
  • This quiz has been taken 363 times
    116 since last reset
  • The average score is 34 of 52
Answer Stats
Rating Year Answer % Correct
94 2017-2019 Cristiano Ronaldo
100%
94 2012-2014, 2016, 2018-2020 Lionel Messi
100%
92 2016-2020 Neymar
97%
92 2016-2018 Luis Suárez
92%
92 2021-2022 Robert Lewandowski
89%
91 2021-2026 Kylian Mbappé
88%
91 2023-2026 Erling Haaland
85%
91 2018-2024 Kevin De Bruyne
85%
91 2025 Mohamed Salah
85%
91 2012 Andres Iniesta
84%
91 2022-2023 Karim Benzema
83%
91 2012 Xavi
83%
92 2016-2018 Manuel Neuer
82%
91 2019-2020 Virgil van Dijk
81%
91 2018-2019 Luka Modrić
80%
90 2020-2021 Sadio Mané
77%
91 2018-2019 Sergio Ramos
77%
90 2011, 2014-2016 Arjen Robben
76%
90 2019, 2021-2026 Harry Kane
76%
90 2018, 2020, 2022-2024, 2026 Thibaut Courtois
76%
90 2020-2021 Alisson
75%
90 2008, 2011-2012 Wayne Rooney
73%
90 2017-2018 Toni Kroos
72%
90 2024-2025 Vinícius Jr.
72%
90 2013 Franck Ribéry
69%
91 2008 Gianluigi Buffon
69%
90 2014, 2016-2017 Zlatan Ibrahimović
68%
90 2008-2009 Kaká
67%
91 2008 Ronaldinho
67%
90 2017 Gareth Bale
66%
90 2025-2026 Ousmane Dembélé
64%
91 2024-2025 Rodri
63%
90 2024-2026 Jude Bellingham
61%
90 2008 Thierry Henry
60%
90 2018-2019 David Silva
59%
91 2018-2020 Eden Hazard
58%
91 2009 Iker Casillas
57%
90 2019-2020 Sergio Agüero
56%
90 2019-2021 Marc-André ter Stegen
52%
90 2022 N'Golo Kanté
50%
90 2018-2019 Giorgio Chiellini
49%
91 2019-2022 Jan Oblak
48%
91 2017-2019 David De Gea
44%
90 2026 Vitinha
44%
90 2016-2017 Jérôme Boateng
43%
90 2017-2018 Gonzalo Higuaín
40%
90 2026 Pedri
40%
90 2008 John Terry
35%
90 2018 Mats Hummels
33%
90 2013 Radamel Falcao
30%
90 2008 Alessandro Nesta
25%
90 2018-2019 Diego Godín
22%
No matching quizzes found
Score Distribution
Percent of People with Each Score
Percentile by Number Answered
Your Score History
You have not taken this quiz since the last reset